| 000 | 01315cam a2200409Ma 4500 | ||
|---|---|---|---|
| 001 | 83590 | ||
| 005 | 20230410105427.0 | ||
| 008 | 090115s2009 fr a b 000 0 fre d | ||
| 010 | _a 2009402094 | ||
| 035 | _a(OCoLC)ocn436981049 | ||
| 040 |
_aLVB _bfre _cLVB _dBDF |
||
| 020 | _a9782130574156 | ||
| 020 | _a2130574157 | ||
| 029 | 1 |
_aZWZ _b131187546 |
|
| 035 | _a(OCoLC)436981049 | ||
| 050 | 1 | 4 |
_aHB3722 _bM316m 2009 |
| 082 | 1 |
_a332.042 09051 _222 |
|
| 245 | 0 | 4 |
_aLes marches financiers dans la tourmente : _ble defi du long terme / _csous la direction de Catherine Lubochinsky. |
| 250 | _a1re ed. | ||
| 260 |
_aParis : _bDescartes & Cie : _bPresses universitaires de France, _cc2009. |
||
| 300 |
_a121 p. : _bill. ; _c21 cm. |
||
| 490 | 0 | _aLes cahiers | |
| 500 | _aEn tete du titre: Le Cercle des economistes. | ||
| 504 | _aBibliogr. | ||
| 650 | 6 | _aCrise financiere mondiale, 2008-2009. | |
| 650 | 6 | _aFinances internationales. | |
| 650 | 6 |
_aMarche financier _xDroit. |
|
| 650 | 7 |
_aCrises boursieres _y1990-.... _2ram |
|
| 650 | 7 |
_aAutorites de marche. _2ram |
|
| 650 | 7 |
_aCrise economique (2008) _2ram |
|
| 700 | 1 | _aLubochinsky, Catherine. | |
| 710 | 2 | _aCercle des economistes. | |
| 830 | 0 | _aCahiers Le Cercle des economistes. | |
| 942 |
_2lcc _cbk |
||
| 994 |
_aC0 _bDRFGD |
||
| 946 | _aAAG | ||
| 999 |
_c36464 _d36464 |
||